Solar System - Statistics

General Stats
  • This quiz has been taken 36 times
    14 since last reset
  • The average score is 20 of 25
Answer Stats
Question Answer % Correct
How often does a full Moon occur? 29.5 days
100%
How many planets are there in the Solar system? 8
100%
What color is the sunset on Mars? Blue
100%
What type of storms are common on the surface of Mars? dust storms
100%
Jupiter, Saturn, Uranus, and Neptune are classified as what type of planets? Gas giant planets
100%
The Sun is composed mostly of what element? Hydrogen
100%
What planet is often called "The Red planet"? Mars
100%
What is the smallest planet in the Solar system? Mercury
100%
What mountain on Mars is considered the highest mountain in the Solar System? Olympus Mons
100%
Which of these four planets is not a "terrestrial planet"? Saturn
100%
What makes a planet a dwarf planet? Size and shape
100%
What is the hottest planet in the solar system? Venus
100%
What type of star is the Sun? Yellow dwarf star
100%
What is approximate distance between the Earth and the Sun? 150 million km
67%
How many natural satellites has planet Mars? 2
67%
What is average temperature at the surface of the Sun? 5,500 C
67%
Ganymede, Callisto, Io and Europa are the moons of which planet? Jupiter
67%
Phobos and Deimos are natural satellites of which planet? Mars
67%
What are the only two planets in our solar system without moons? Mercury and Venus
67%
What planet was once considered a full planet, but was redefined as a dwarf planet in 2006? Pluto
67%
What is the name of Saturn's largest moon? Titan
67%
What is the 7th planet in Solar system? Uranus
67%
What is approximate distance between the Moon from the Earth? 300.000 km
33%
What is the visible part of the Sun called? Photosphere
33%
What is the planet with the most moons? Jupiter
0%
No matching quizzes found
Score Distribution
Percent of People with Each Score
Percentile by Number Answered
Your Score History
You have not taken this quiz since the last reset